书目信息 |
| 题名: |
列宁全集俄文第五版人名索引
|
|
| 作者: | ;河北大学外语系俄语翻译组 译 | |
| 分册: | ||
| 出版信息: | 北京 人民出版社 1979 |
|
| 页数: | 1023页 | |
| 开本: | 19cm | |
| 丛书名: | ||
| 单 册: | ||
| 中图分类: | A823 | |
| 科图分类: | ||
| 主题词: | 列宁著作--索引 | |
| 电子资源: | ||
| ISBN: | ||
| 000 | 00695nam0 2200229 45 | |
| 001 | 0179003761 | |
| 005 | 20050426141901.3 | |
| 010 | @dCNY2.70@b精装 | |
| 091 | @a17001.43 | |
| 100 | @a19950712d1979 em y0chiy0121 ea | |
| 101 | 0 | @achi |
| 102 | @aCN@b110000 | |
| 105 | @ay c 000yy | |
| 200 | 10 | @a列宁全集俄文第五版人名索引@Alie ning quan ji e wen di wu ban ren ming suo yin@f河北大学外语系俄语翻译组译@FHe Bei Da Xue Wai Yu Xi E Yu Fan Yi Zu Yi |
| 210 | @a北京@c人民出版社@d1979 | |
| 215 | @a1023页@d19cm | |
| 300 | @a内部发行 | |
| 606 | @a列宁著作@x索引 | |
| 690 | @aA823@v3 | |
| 711 | 02 | @a河北大学外语系俄语翻译组@4译 |
| 801 | 0 | @aCN@bNLC@c20050425 |
| 905 | @f2@b202587-588@dA823@e15 | |
| 列宁全集俄文第五版人名索引/河北大学外语系俄语翻译组译.-北京:人民出版社,1979 |
| 1023页;19cm |
| 内部发行 |
| ISBN (精装):CNY2.70 |
| ● |
| 相关链接 |
|
|
|
|
正题名:列宁全集俄文第五版人名索引
索取号:A823/15
 
预约/预借
| 序号 | 登录号 | 条形码 | 馆藏地/架位号 | 状态 | 备注 |
| 1 | 0202587 | 001464908 | 工具书阅览室/ [索取号:A823/15] | 在馆 | |
| 2 | 0202588 | 001464864 | 密集书库/ [索取号:A823/15] | 在馆 | |
| 3 | 0202589 | 001464917 | 第一样本阅览室/ [索取号:A823/15] | 在馆 |